Ils ont marqué en finale de Coupe du Monde (Mort subite) - Statistiques

Statistiques générales
  • Ce quiz a été pris 979 fois
  • Le résultat moyen est 6 sur 20
Answers on the Grid
Answers color-coded by a green-red scale on the quiz's grid according to % correct below.
Emmanuel Petit
Pelé
Zinedine Zidane
Andreas Brehme
Ronaldo
Antonín Puč
Carlos Peucelle
Alcides Ghiggia
Geoffrey Hurst
Gerd Müller
Mario Kempes
Jorge Burruchaga
Marco Materazzi
Andrés Iniesta
Antoine Griezmann
Mario Mandžukić
Lionel Messi
Rudi Völler
Pedro Cea
Ferenc Puskás
Johan Cruyff
Michel Platini
Diego Maradona
Lothar Matthäus
Wesley Sneijder
Luka Modrić
Romario
Cafu
Cristiano Ronaldo
Miroslav Klose
 
Statistiques - réponses
Réponse % Correct
Zinedine Zidane
71%
Lionel Messi
66%
Pelé
58%
Andrés Iniesta
55%
Emmanuel Petit
54%
Antoine Griezmann
51%
Mario Mandžukić
44%
Ronaldo
43%
Marco Materazzi
34%
Gerd Müller
32%
Jorge Burruchaga
13%
Andreas Brehme
12%
Ferenc Puskás
12%
Geoffrey Hurst
12%
Mario Kempes
12%
Rudi Völler
12%
Alcides Ghiggia
8%
Antonín Puč
6%
Carlos Peucelle
6%
Pedro Cea
5%
Aucun quiz correspondant
Distribution des résultats
% des personnes avec chaque résultat
Percentile par nombre de réponses
Votre historique - résultats
Vous n’avez pas pris ce quiz